[Event "DVM U12 2024"]
[Site "Heidelberg GER"]
[Date "2024.12.27"]
[Round "1"]
[White "Sun, Christopher"]
[Black "Fadeev, Justin Michael"]
[Result "0-0"]
[Termination "normal"]
[Board "3.1"]
[WhiteElo "1723"]
[BlackElo "1893"]
[WhiteClock "01:04:01"]
[BlackClock "00:39:25"]
[WhiteTeam "Karlsruher SF 1853"]
[BlackTeam "Barnimer SF im SV Stahl Finow"]
[PlyCount "38"]
[WhiteFideId "34630368"]
[BlackFideId "34602968"]
[EventCountry "GER"]
[EventRounds "7"]
[EventType "team-swiss"]
[EventDate "2024.12.26"]

1. e4 {[%clk 01:30:53]} {[%emt 00:00:05]} c5 {[%clk 01:30:52]} {[%emt
00:00:09]} 2. c3 {[%clk 01:31:19]} {[%emt 00:00:04]} Nf6 {[%clk 01:31:18]}
{[%emt 00:00:04]} 3. e5 {[%clk 01:31:45]} {[%emt 00:00:04]} Nd5 {[%clk
01:31:44]} {[%emt 00:00:05]} 4. d4 {[%clk 01:32:09]} {[%emt 00:00:06]} cxd4
{[%clk 01:32:08]} {[%emt 00:00:06]} 5. cxd4 {[%clk 01:32:33]} {[%emt 00:00:05]}
d6 {[%clk 01:30:37]} {[%emt 00:02:02]} 6. exd6 {[%clk 01:31:12]} {[%emt
00:01:50]} Qxd6 {[%clk 01:30:53]} {[%emt 00:00:14]} 7. Nf3 {[%clk 01:30:28]}
{[%emt 00:01:14]} Nc6 {[%clk 01:29:11]} {[%emt 00:02:13]} 8. Nc3 {[%clk
01:28:40]} {[%emt 00:02:18]} Bf5 {[%clk 01:26:23]} {[%emt 00:03:17]} 9. Bc4
{[%clk 01:28:03]} {[%emt 00:01:07]} Ndb4 {[%clk 01:21:14]} {[%emt 00:05:40]}
10. O-O {[%clk 01:21:48]} {[%emt 00:06:44]} Nc2 {[%clk 01:19:33]} {[%emt
00:02:12]} 11. Rb1 {[%clk 01:21:50]} {[%emt 00:00:28]} N2xd4 {[%clk 01:14:54]}
{[%emt 00:05:09]} 12. Nxd4 {[%clk 01:20:03]} {[%emt 00:02:16]} Qxd4 {[%clk
01:08:26]} {[%emt 00:06:58]} 13. Qxd4 {[%clk 01:16:11]} {[%emt 00:04:22]} Nxd4
{[%clk 01:08:48]} {[%emt 00:00:08]} 14. Ra1 {[%clk 01:09:28]} {[%emt 00:07:13]}
Rc8 {[%clk 00:53:24]} {[%emt 00:15:54]} 15. b3 {[%clk 01:07:40]} {[%emt
00:02:18]} Nc2 {[%clk 00:46:04]} {[%emt 00:07:50]} 16. Rb1 {[%clk 01:07:33]}
{[%emt 00:00:37]} a6 {[%clk 00:44:52]} {[%emt 00:01:42]} 17. Bb2 {[%clk
01:06:46]} {[%emt 00:01:16]} b5 {[%clk 00:42:51]} {[%emt 00:02:32]} 18. Bd5
{[%clk 01:04:35]} {[%emt 00:02:40]} Nb4 {[%clk 00:40:10]} {[%emt 00:03:12]} 19.
Be4 {[%clk 01:04:01]} {[%emt 00:01:03]} Bxe4 {[%clk 00:39:25]} {[%emt
00:01:15]} {Partie endet 0-0, da Remisangebot von Schwarz im 19. Zug erfolgte!}

[Event "DVM U12 2024"]
[Site "Heidelberg GER"]
[Date "2024.12.27"]
[Round "1"]
[White "Leonhardt, Max"]
[Black "Tomovski, Leon"]
[Result "1-0"]
[Termination "normal"]
[Board "3.2"]
[WhiteElo "1735"]
[BlackElo "1569"]
[WhiteClock "00:29:05"]
[BlackClock "01:22:40"]
[WhiteTeam "Barnimer SF im SV Stahl Finow"]
[BlackTeam "Karlsruher SF 1853"]
[PlyCount "63"]
[WhiteFideId "34623647"]
[BlackFideId "34691790"]
[EventCountry "GER"]
[EventRounds "7"]
[EventType "team-swiss"]
[EventDate "2024.12.26"]

1. Nf3 {[%clk 01:30:58]} {[%emt 00:00:01]} d5 {[%clk 01:30:54]} {[%emt
00:00:07]} 2. g3 {[%clk 01:31:21]} {[%emt 00:00:06]} c5 {[%clk 01:31:20]}
{[%emt 00:00:05]} 3. Bg2 {[%clk 01:31:44]} {[%emt 00:00:06]} Nf6 {[%clk
01:31:40]} {[%emt 00:00:09]} 4. O-O {[%clk 01:31:45]} {[%emt 00:00:29]} Bf5
{[%clk 01:31:39]} {[%emt 00:00:32]} 5. c4 {[%clk 01:30:36]} {[%emt 00:01:38]}
e6 {[%clk 01:31:36]} {[%emt 00:00:33]} 6. cxd5 {[%clk 01:30:37]} {[%emt
00:00:29]} exd5 {[%clk 01:31:57]} {[%emt 00:00:10]} 7. d4 {[%clk 01:30:49]}
{[%emt 00:00:17]} Nc6 {[%clk 01:32:15]} {[%emt 00:00:13]} 8. Nc3 {[%clk
01:30:43]} {[%emt 00:00:35]} h6 {[%clk 01:31:44]} {[%emt 00:01:01]} 9. e3
{[%clk 01:30:03]} {[%emt 00:01:09]} Be7 {[%clk 01:32:02]} {[%emt 00:00:13]} 10.
b3 {[%clk 01:28:44]} {[%emt 00:01:49]} O-O {[%clk 01:32:09]} {[%emt 00:00:22]}
11. Ba3 {[%clk 01:23:38]} {[%emt 00:05:37]} Qa5 {[%clk 01:30:00]} {[%emt
00:02:40]} 12. Bb2 {[%clk 01:22:50]} {[%emt 00:01:18]} Nb4 {[%clk 01:30:03]}
{[%emt 00:00:26]} 13. Ne5 {[%clk 01:21:36]} {[%emt 00:01:44]} Nh7 {[%clk
01:28:07]} {[%emt 00:02:26]} 14. a3 {[%clk 01:18:32]} {[%emt 00:03:35]} Nc2
{[%clk 01:28:02]} {[%emt 00:00:34]} 15. Nxd5 {[%clk 01:16:00]} {[%emt
00:03:02]} Rfe8 {[%clk 01:27:28]} {[%emt 00:01:04]} 16. Nc4 {[%clk 01:08:41]}
{[%emt 00:07:48]} Qd8 {[%clk 01:27:37]} {[%emt 00:00:21]} 17. Rc1 {[%clk
01:08:23]} {[%emt 00:00:49]} b5 {[%clk 01:26:57]} {[%emt 00:01:11]} 18. Ne5
{[%clk 01:00:47]} {[%emt 00:08:05]} Rc8 {[%clk 01:25:30]} {[%emt 00:01:56]} 19.
e4 {[%clk 00:59:25]} {[%emt 00:01:52]} Nxd4 {[%clk 01:23:29]} {[%emt 00:02:30]}
20. exf5 {[%clk 00:51:22]} {[%emt 00:08:35]} Nxf5 {[%clk 01:23:11]} {[%emt
00:00:48]} 21. Qg4 {[%clk 00:28:20]} {[%emt 00:23:32]} Nd4 {[%clk 01:21:44]}
{[%emt 00:01:58]} 22. Bxd4 {[%clk 00:28:01]} {[%emt 00:00:49]} cxd4 {[%clk
01:21:59]} {[%emt 00:00:15]} 23. Rxc8 {[%clk 00:28:26]} {[%emt 00:00:05]} Qxc8
{[%clk 01:21:47]} {[%emt 00:00:42]} 24. Nxe7+ {[%clk 00:28:46]} {[%emt
00:00:10]} Rxe7 {[%clk 01:22:06]} {[%emt 00:00:11]} 25. Qxc8+ {[%clk 00:29:11]}
{[%emt 00:00:05]} Nf8 {[%clk 01:22:28]} {[%emt 00:00:07]} 26. f4 {[%emt
00:00:40]} d3 {[%clk 01:22:51]} 27. Rd1 {[%emt 00:00:55]} d2 {[%clk 01:23:16]}
28. Rxd2 {[%clk 00:29:11]} {[%emt 00:00:08]} b4 {[%clk 01:23:39]} {[%emt
00:00:07]} 29. Rd8 {[%clk 00:29:24]} {[%emt 00:00:16]} g5 {[%clk 01:23:21]}
{[%emt 00:00:48]} 30. Rxf8+ {[%clk 00:28:45]} {[%emt 00:01:09]} Kg7 {[%emt
00:00:48]} 31. Rg8+ {[%emt 00:00:18]} Kf6 {[%clk 01:22:40]} {[%emt 00:00:06]}
32. Ng4# {[%clk 00:29:05]} {[%emt 00:00:09]} 1-0

[Event "DVM U12 2024"]
[Site "Heidelberg GER"]
[Date "2024.12.27"]
[Round "1"]
[White "Liu, Kairui"]
[Black "Schmidt, Jossip"]
[Result "0-1"]
[Termination "normal"]
[Board "3.3"]
[WhiteElo "1559"]
[BlackElo "1687"]
[WhiteClock "01:12:17"]
[BlackClock "01:23:04"]
[WhiteTeam "Karlsruher SF 1853"]
[BlackTeam "Barnimer SF im SV Stahl Finow"]
[PlyCount "96"]
[WhiteFideId "34660534"]
[BlackFideId "34621148"]
[EventCountry "GER"]
[EventRounds "7"]
[EventType "team-swiss"]
[EventDate "2024.12.26"]

1. e4 {[%clk 01:30:59]} c5 {[%clk 01:30:54]} {[%emt 00:00:07]} 2. Nf3 {[%clk
01:31:23]} {[%emt 00:00:05]} Nc6 {[%clk 01:31:00]} {[%emt 00:00:24]} 3. d4
{[%clk 01:31:44]} {[%emt 00:00:10]} cxd4 {[%clk 01:31:23]} {[%emt 00:00:07]} 4.
Nxd4 {[%clk 01:32:08]} {[%emt 00:00:06]} g6 {[%clk 01:31:40]} {[%emt 00:00:13]}
5. Nc3 {[%clk 01:32:34]} {[%emt 00:00:05]} Bg7 {[%clk 01:31:37]} {[%emt
00:00:33]} 6. Be3 {[%clk 01:32:53]} {[%emt 00:00:10]} Nf6 {[%clk 01:30:59]}
{[%emt 00:01:07]} 7. Bc4 {[%clk 01:33:20]} {[%emt 00:00:03]} O-O {[%clk
01:30:21]} {[%emt 00:01:08]} 8. Bb3 {[%clk 01:32:12]} {[%emt 00:01:38]} d6
{[%clk 01:29:53]} {[%emt 00:00:58]} 9. f3 {[%clk 01:31:18]} {[%emt 00:01:23]}
Bd7 {[%clk 01:30:03]} {[%emt 00:00:21]} 10. Qd2 {[%clk 01:31:22]} {[%emt
00:00:26]} a6 {[%clk 01:29:45]} {[%emt 00:00:48]} 11. O-O-O {[%clk 01:31:22]}
{[%emt 00:00:29]} b5 {[%clk 01:29:02]} {[%emt 00:01:13]} 12. Kb1 {[%clk
01:27:19]} {[%emt 00:04:34]} Rb8 {[%clk 01:24:23]} {[%emt 00:05:08]} 13. g4
{[%clk 01:24:39]} {[%emt 00:03:11]} Ne5 {[%clk 01:24:34]} {[%emt 00:00:18]} 14.
h4 {[%clk 01:23:34]} {[%emt 00:01:36]} h5 {[%clk 01:24:12]} {[%emt 00:00:51]}
15. gxh5 {[%clk 01:23:11]} {[%emt 00:00:54]} Nxh5 {[%clk 01:24:31]} {[%emt
00:00:09]} 16. Rdg1 {[%clk 01:20:52]} {[%emt 00:02:50]} Nc4 {[%clk 01:24:36]}
{[%emt 00:00:26]} 17. Bxc4 {[%clk 01:20:13]} {[%emt 00:01:09]} bxc4 {[%clk
01:24:58]} {[%emt 00:00:08]} 18. Bh6 {[%clk 01:17:54]} {[%emt 00:02:49]} Qb6
{[%clk 01:25:14]} {[%emt 00:00:14]} 19. b3 {[%clk 01:16:42]} {[%emt 00:01:43]}
Qxd4 {[%clk 01:24:04]} {[%emt 00:01:40]} 20. Qxd4 {[%clk 01:16:44]} {[%emt
00:00:28]} Bxd4 {[%clk 01:24:27]} {[%emt 00:00:06]} 21. Bxf8 {[%clk 01:16:45]}
{[%emt 00:00:30]} Kxf8 {[%clk 01:23:47]} {[%emt 00:01:09]} 22. Ne2 {[%clk
01:15:50]} {[%emt 00:01:23]} Bxg1 {[%clk 01:24:01]} {[%emt 00:00:18]} 23. Rxg1
{[%clk 01:16:09]} {[%emt 00:00:11]} cxb3 {[%clk 01:24:01]} {[%emt 00:00:30]}
24. cxb3 {[%clk 01:16:28]} {[%emt 00:00:12]} Bb5 {[%clk 01:24:08]} {[%emt
00:00:22]} 25. Nd4 {[%clk 01:14:53]} {[%emt 00:02:04]} Rc8 {[%clk 01:22:30]}
{[%emt 00:02:08]} 26. Kb2 {[%clk 01:14:01]} {[%emt 00:01:23]} Nf4 {[%clk
01:22:41]} {[%emt 00:00:18]} 27. Nxb5 {[%clk 01:13:36]} {[%emt 00:00:56]} axb5
{[%clk 01:23:04]} {[%emt 00:00:07]} 28. Rd1 {[%clk 01:13:37]} {[%emt 00:00:26]}
b4 {[%clk 01:22:20]} {[%emt 00:01:16]} 29. a3 {[%clk 01:12:52]} {[%emt
00:01:15]} bxa3+ {[%clk 01:22:35]} {[%emt 00:00:15]} 30. Kxa3 {[%clk 01:13:12]}
{[%emt 00:00:10]} Ke8 {[%clk 01:22:34]} {[%emt 00:00:31]} 31. Kb4 {[%clk
01:13:05]} {[%emt 00:00:37]} Kd7 {[%clk 01:21:32]} {[%emt 00:01:31]} 32. e5
{[%clk 01:12:58]} {[%emt 00:00:35]} Rc5 {[%clk 01:20:28]} {[%emt 00:01:36]} 33.
exd6 {[%clk 01:12:37]} {[%emt 00:00:52]} exd6 {[%clk 01:20:48]} {[%emt
00:00:10]} 34. Rd4 {[%clk 01:12:32]} {[%emt 00:00:32]} Nd5+ {[%clk 01:20:40]}
{[%emt 00:00:40]} 35. Ka3 {[%clk 01:12:27]} {[%emt 00:00:32]} Kc6 {[%clk
01:20:24]} {[%emt 00:00:50]} 36. b4 {[%clk 01:11:54]} {[%emt 00:01:03]} Rc3+
{[%clk 01:20:40]} {[%emt 00:00:14]} 37. Kb2 {[%clk 01:11:19]} {[%emt 00:01:04]}
Rxf3 {[%clk 01:20:27]} {[%emt 00:00:45]} 38. b5+ {[%clk 01:10:14]} {[%emt
00:01:34]} Kc5 {[%clk 01:20:53]} {[%emt 00:00:05]} 39. Rd2 {[%clk 01:09:43]}
{[%emt 00:00:56]} Rf4 {[%clk 01:21:10]} {[%emt 00:00:18]} 40. Kb3 {[%clk
01:09:50]} {[%emt 00:00:23]} Rb4+ {[%clk 01:21:25]} {[%emt 00:00:13]} 41. Ka2
{[%clk 01:10:16]} {[%emt 00:00:06]} Nc3+ {[%clk 01:21:32]} {[%emt 00:00:22]}
42. Ka3 {[%clk 01:10:22]} {[%emt 00:00:25]} Nxb5+ {[%clk 01:21:31]} {[%emt
00:00:31]} 43. Ka2 {[%clk 01:10:43]} {[%emt 00:00:09]} Nc3+ {[%clk 01:21:55]}
{[%emt 00:00:05]} 44. Ka3 {[%clk 01:11:02]} {[%emt 00:00:12]} Nb1+ {[%clk
01:22:14]} {[%emt 00:00:09]} 45. Ka2 {[%clk 01:11:21]} {[%emt 00:00:12]} Nxd2
{[%clk 01:22:27]} {[%emt 00:00:16]} 46. h5 {[%clk 01:11:43]} {[%emt 00:00:09]}
Kc4 {[%clk 01:22:41]} {[%emt 00:00:16]} 47. h6 {[%clk 01:12:04]} {[%emt
00:00:09]} Kc3 {[%clk 01:22:54]} {[%emt 00:00:17]} 48. h7 {[%clk 01:12:17]}
{[%emt 00:00:17]} Ra4# {[%clk 01:23:04]} {[%emt 00:00:18]} 0-1

[Event "DVM U12 2024"]
[Site "Heidelberg GER"]
[Date "2024.12.27"]
[Round "1"]
[White "Podousov, Andrii"]
[Black "Luft, Felix"]
[Result "0-1"]
[Termination "normal"]
[Board "3.4"]
[WhiteElo "1105"]
[BlackElo "1294"]
[WhiteClock "01:20:48"]
[BlackClock "00:49:43"]
[WhiteTeam "Barnimer SF im SV Stahl Finow"]
[BlackTeam "Karlsruher SF 1853"]
[PlyCount "84"]
[EventCountry "GER"]
[EventRounds "7"]
[EventType "team-swiss"]
[EventDate "2024.12.26"]

1. e4 {[%clk 01:30:59]} e5 {[%clk 01:30:51]} {[%emt 00:00:10]} 2. Nf3 {[%clk
01:31:22]} {[%emt 00:00:06]} Nc6 {[%clk 01:31:12]} {[%emt 00:00:10]} 3. Bc4
{[%clk 01:31:45]} {[%emt 00:00:07]} Bc5 {[%clk 01:31:28]} {[%emt 00:00:12]} 4.
c3 {[%clk 01:32:09]} {[%emt 00:00:07]} Nf6 {[%clk 01:31:40]} {[%emt 00:00:17]}
5. d4 {[%clk 01:32:32]} {[%emt 00:00:09]} exd4 {[%clk 01:31:58]} {[%emt
00:00:12]} 6. e5 {[%clk 01:32:53]} {[%emt 00:00:09]} Ng4 {[%clk 01:24:51]}
{[%emt 00:07:36]} 7. cxd4 {[%clk 01:32:36]} {[%emt 00:00:48]} Bb4+ {[%clk
01:24:41]} {[%emt 00:00:39]} 8. Nc3 {[%clk 01:32:40]} {[%emt 00:00:28]} d5
{[%clk 01:19:33]} {[%emt 00:05:36]} 9. Bb5 {[%emt 00:02:23]} f6 {[%clk
01:10:14]} {[%emt 00:09:46]} 10. h3 {[%clk 01:31:00]} {[%emt 00:00:20]} Nh6
{[%clk 01:10:11]} {[%emt 00:00:31]} 11. Bxh6 {[%clk 01:31:13]} {[%emt
00:00:18]} gxh6 {[%clk 01:10:30]} {[%emt 00:00:10]} 12. a3 {[%clk 01:31:20]}
{[%emt 00:00:25]} Bxc3+ {[%clk 01:10:32]} {[%emt 00:00:28]} 13. bxc3 {[%clk
01:31:36]} {[%emt 00:00:15]} Bd7 {[%clk 01:08:11]} {[%emt 00:02:51]} 14. exf6
{[%clk 01:30:17]} {[%emt 00:01:49]} Qxf6 {[%clk 01:08:15]} {[%emt 00:00:26]}
15. Qe2+ {[%clk 01:30:24]} {[%emt 00:00:22]} Kd8 {[%clk 01:05:08]} {[%emt
00:03:38]} 16. Bxc6 {[%clk 01:30:19]} {[%emt 00:00:35]} Bxc6 {[%clk 01:03:53]}
{[%emt 00:01:44]} 17. Qe5 {[%clk 01:30:28]} {[%emt 00:00:19]} Re8 {[%clk
01:03:28]} {[%emt 00:00:54]} 18. Qxe8+ {[%clk 01:30:21]} {[%emt 00:00:41]} Kxe8
{[%clk 01:03:53]} {[%emt 00:00:04]} 19. O-O {[%clk 01:30:34]} {[%emt 00:00:18]}
Kf8 {[%clk 00:59:41]} {[%emt 00:04:41]} 20. Ne5 {[%clk 01:30:28]} {[%emt
00:00:36]} Re8 {[%clk 00:59:03]} {[%emt 00:01:08]} 21. Rab1 {[%clk 01:29:12]}
{[%emt 00:01:46]} Rxe5 {[%clk 00:57:49]} {[%emt 00:01:44]} 22. dxe5 {[%clk
01:29:19]} {[%emt 00:00:23]} Qxe5 {[%clk 00:58:10]} {[%emt 00:00:08]} 23. Rb3
{[%clk 01:28:34]} {[%emt 00:01:14]} d4 {[%clk 00:57:20]} {[%emt 00:01:22]} 24.
cxd4 {[%clk 01:27:46]} {[%emt 00:01:19]} Qxd4 {[%clk 00:57:14]} {[%emt
00:00:35]} 25. Re3 {[%clk 01:25:35]} {[%emt 00:02:41]} Qg7 {[%clk 00:55:47]}
{[%emt 00:01:54]} 26. Rg3 {[%clk 01:25:42]} {[%emt 00:00:25]} Qd4 {[%clk
00:55:24]} {[%emt 00:00:53]} 27. Re3 {[%clk 01:25:54]} {[%emt 00:00:19]} Qd5
{[%clk 00:54:56]} {[%emt 00:00:57]} 28. Rg3 {[%clk 01:26:11]} {[%emt 00:00:14]}
a5 {[%clk 00:54:16]} {[%emt 00:01:08]} 29. Rf3+ {[%clk 01:26:17]} {[%emt
00:00:26]} Ke7 {[%clk 00:53:27]} {[%emt 00:01:19]} 30. Re1+ {[%clk 01:25:46]}
{[%emt 00:01:01]} Kd6 {[%clk 00:53:33]} {[%emt 00:00:23]} 31. Rf6+ {[%clk
01:25:05]} {[%emt 00:01:11]} Kc5 {[%clk 00:53:19]} {[%emt 00:00:46]} 32. Rc1+
{[%clk 01:24:36]} {[%emt 00:00:59]} Kb6 {[%clk 00:53:28]} {[%emt 00:00:21]} 33.
Rf3 {[%clk 01:23:09]} {[%emt 00:01:56]} Ka6 {[%clk 00:52:53]} {[%emt 00:01:05]}
34. Rcc3 {[%clk 01:22:10]} {[%emt 00:01:31]} Qd1+ {[%clk 00:52:51]} {[%emt
00:00:31]} 35. Kh2 {[%clk 01:22:24]} {[%emt 00:00:14]} Bxf3 {[%clk 00:53:05]}
{[%emt 00:00:19]} 36. Rxf3 {[%clk 01:22:39]} {[%emt 00:00:15]} c5 {[%clk
00:53:11]} {[%emt 00:00:22]} 37. Rf6+ {[%clk 01:22:18]} {[%emt 00:00:52]} b6
{[%clk 00:53:25]} {[%emt 00:00:17]} 38. Rxh6 {[%emt 00:02:24]} Qd7 {[%clk
00:51:13]} {[%emt 00:00:47]} 39. Rh4 {[%clk 01:21:50]} {[%emt 00:00:46]} Qf7
{[%clk 00:50:56]} {[%emt 00:00:59]} 40. f3 {[%emt 00:01:35]} c4 {[%clk
00:50:47]} {[%emt 00:00:20]} 41. Rd4 {[%clk 01:21:04]} {[%emt 00:00:23]} c3
{[%clk 00:50:37]} {[%emt 00:00:48]} 42. Rd3 {[%clk 01:20:48]} {[%emt 00:00:42]}
c2 {[%clk 00:49:43]} {[%emt 00:01:29]} 0-1

[Event "DVM U12 2024"]
[Site "Heidelberg GER"]
[Date "2024.12.27"]
[Round "1"]
[White "Zimmer, Tim"]
[Black "Mao, Leo"]
[Result "1-0"]
[Termination "normal"]
[Board "4.1"]
[WhiteElo "1846"]
[BlackElo "1753"]
[WhiteClock "00:07:23"]
[BlackClock "00:01:25"]
[WhiteTeam "SV Werder Bremen"]
[BlackTeam "SC Erlangen 48/88"]
[PlyCount "89"]
[WhiteFideId "34603115"]
[BlackFideId "533009112"]
[EventCountry "GER"]
[EventRounds "7"]
[EventType "team-swiss"]
[EventDate "2024.12.26"]

1. e4 {[%clk 01:30:57]} {[%emt 00:00:03]} c5 {[%clk 01:30:54]} {[%emt
00:00:06]} 2. Nf3 {[%clk 01:31:22]} {[%emt 00:00:05]} Nc6 {[%clk 01:31:18]}
{[%emt 00:00:06]} 3. d4 {[%clk 01:31:45]} {[%emt 00:00:07]} cxd4 {[%clk
01:31:40]} {[%emt 00:00:09]} 4. Nxd4 {[%clk 01:32:10]} {[%emt 00:00:04]} Nf6
{[%clk 01:31:48]} {[%emt 00:00:21]} 5. Nc3 {[%clk 01:32:12]} {[%emt 00:00:29]}
d6 {[%clk 01:32:07]} {[%emt 00:00:11]} 6. f3 {[%clk 01:31:10]} {[%emt
00:01:32]} g6 {[%clk 01:29:40]} {[%emt 00:02:58]} 7. Be3 {[%clk 01:28:21]}
{[%emt 00:03:18]} Bg7 {[%clk 01:29:00]} {[%emt 00:01:10]} 8. Bc4 {[%clk
01:26:16]} {[%emt 00:02:35]} O-O {[%clk 01:23:50]} {[%emt 00:05:40]} 9. Bb3
{[%clk 01:25:23]} {[%emt 00:01:24]} a6 {[%clk 01:19:19]} {[%emt 00:05:01]} 10.
Qd2 {[%clk 01:23:40]} {[%emt 00:02:13]} Nxd4 {[%clk 01:12:03]} {[%emt
00:07:46]} 11. Bxd4 {[%clk 01:23:33]} {[%emt 00:00:36]} b5 {[%clk 01:10:10]}
{[%emt 00:02:25]} 12. O-O {[%clk 01:10:33]} {[%emt 00:13:30]} Bb7 {[%clk
00:58:42]} {[%emt 00:11:58]} 13. Qf2 {[%clk 01:06:36]} {[%emt 00:04:27]} Nd7
{[%clk 00:47:40]} {[%emt 00:11:32]} 14. Rad1 {[%clk 01:00:49]} {[%emt
00:06:17]} Bxd4 {[%clk 00:46:19]} {[%emt 00:01:51]} 15. Qxd4 {[%clk 00:57:31]}
{[%emt 00:03:47]} Qb6 {[%clk 00:45:34]} {[%emt 00:01:15]} 16. Nd5 {[%clk
00:53:19]} {[%emt 00:04:42]} Bxd5 {[%clk 00:44:13]} {[%emt 00:01:51]} 17. Bxd5
{[%clk 00:53:24]} {[%emt 00:00:26]} Ra7 {[%clk 00:42:48]} {[%emt 00:01:55]} 18.
c3 {[%clk 00:49:11]} {[%emt 00:04:42]} Qxd4+ {[%clk 00:41:43]} {[%emt
00:01:36]} 19. Rxd4 {[%emt 00:04:21]} Rc8 {[%clk 00:38:34]} 20. a4 {[%clk
00:44:04]} {[%emt 00:05:24]} Rb8 {[%clk 00:30:02]} {[%emt 00:09:02]} 21. axb5
{[%clk 00:36:20]} {[%emt 00:08:15]} Rxb5 {[%clk 00:27:52]} {[%emt 00:02:40]}
22. b4 {[%clk 00:35:05]} {[%emt 00:01:45]} Rc7 {[%clk 00:27:34]} {[%emt
00:00:48]} 23. Rc4 {[%clk 00:33:09]} {[%emt 00:02:26]} Rxc4 {[%clk 00:25:51]}
{[%emt 00:02:13]} 24. Bxc4 {[%clk 00:33:37]} {[%emt 00:00:02]} Rb6 {[%clk
00:25:28]} {[%emt 00:00:53]} 25. Ra1 {[%clk 00:30:01]} {[%emt 00:04:06]} Nb8
{[%clk 00:24:32]} {[%emt 00:01:26]} 26. Bd3 {[%clk 00:28:33]} {[%emt 00:01:57]}
e6 {[%clk 00:16:24]} {[%emt 00:08:39]} 27. Kf2 {[%clk 00:27:18]} {[%emt
00:01:44]} Kf8 {[%clk 00:13:52]} {[%emt 00:03:03]} 28. Ke3 {[%clk 00:26:22]}
{[%emt 00:01:26]} Ke7 {[%clk 00:13:21]} {[%emt 00:01:00]} 29. Ra4 {[%clk
00:25:53]} {[%emt 00:01:00]} h6 {[%clk 00:09:48]} {[%emt 00:04:02]} 30. f4
{[%clk 00:22:27]} {[%emt 00:03:56]} e5 {[%clk 00:06:17]} {[%emt 00:04:01]} 31.
fxe5 {[%clk 00:19:21]} {[%emt 00:03:36]} dxe5 {[%clk 00:06:39]} {[%emt
00:00:08]} 32. c4 {[%clk 00:18:47]} {[%emt 00:01:04]} Nc6 {[%clk 00:05:49]}
{[%emt 00:01:13]} 33. b5 {[%clk 00:17:12]} {[%emt 00:02:13]} axb5 {[%clk
00:05:55]} {[%emt 00:00:24]} 34. cxb5 {[%clk 00:17:35]} {[%emt 00:00:07]} Nd4
{[%clk 00:05:46]} {[%emt 00:00:40]} 35. Ra7+ {[%clk 00:16:33]} {[%emt
00:01:31]} Ke8 {[%clk 00:03:55]} {[%emt 00:02:22]} 36. Ra6 {[%clk 00:14:57]}
{[%emt 00:02:06]} Rb7 {[%clk 00:02:23]} {[%emt 00:02:03]} 37. b6 {[%clk
00:11:19]} {[%emt 00:04:08]} Kd7 {[%clk 00:01:56]} {[%emt 00:00:57]} 38. Bc4
{[%clk 00:11:11]} {[%emt 00:00:38]} Nc2+ {[%clk 00:00:37]} {[%emt 00:01:49]}
39. Kd2 {[%clk 00:08:58]} {[%emt 00:02:42]} Nb4 {[%clk 00:00:41]} {[%emt
00:00:27]} 40. Bb5+ {[%clk 00:07:01]} {[%emt 00:02:26]} Kc8 {[%clk 00:00:32]}
{[%emt 00:00:39]} 41. Ra8+ {[%clk 00:05:54]} {[%emt 00:01:37]} Rb8 {[%clk
00:00:55]} {[%emt 00:00:05]} 42. Rxb8+ {[%clk 00:06:13]} {[%emt 00:00:12]} Kxb8
{[%clk 00:01:13]} {[%emt 00:00:13]} 43. Kc3 {[%clk 00:06:34]} {[%emt 00:00:09]}
Na2+ {[%clk 00:01:25]} {[%emt 00:00:17]} 44. Kb3 {[%clk 00:06:57]} {[%emt
00:00:04]} Nc1+ {[%clk 00:01:25]} {[%emt 00:00:34]} 45. Kb2 {[%clk 00:07:23]}
{[%emt 00:00:03]} 1-0